[Event "Get your moneys worth. Subscription due?"]
[Site "SchemingMind.com"]
[Date "2023.09.04"]
[Round "-"]
[White "cnile"]
[Black "Chessibelle"]
[Result "1-0"]
[WhiteCountry "SCO"]
[BlackCountry "ENG"]
[WhiteElo "1380"]
[WhiteRD "60"]
[BlackElo "1126"]
[BlackRD "58"]
[GameID "736922"]

1. d4 d5 2. c4 Nf6 3. Nc3 e6 4. Bg5 Be7 5. Bxf6 Bxf6 6. cxd5 exd5 7. e3 c6 8. Bd3 O-O 9. Qc2 g6 10. Nge2 a6
11. f4 Re8 12. O-O-O Rxe3 13. Kb1 Be7 14. g3 Re6 15. Rhe1 b5 16. h4 h5 17. f5 Rf6 18. Nf4 Bd7 19. fxg6 Kg7 20. Nxh5+ Kf8
21. g7+ Ke8 22. Nxf6#
1-0

[Event "Get your moneys worth. Subscription due?"]
[Site "SchemingMind.com"]
[Date "2023.09.04"]
[Round "-"]
[White "Chessibelle"]
[Black "cnile"]
[Result "0-1"]
[WhiteCountry "ENG"]
[BlackCountry "SCO"]
[WhiteElo "1126"]
[WhiteRD "58"]
[BlackElo "1380"]
[BlackRD "60"]
[GameID "736923"]

1. Nf3 d5 2. d4 Bf5 3. a3 e6 4. Bd2 c5 5. c3 Nc6 6. g3 Nf6 7. e3 cxd4 8. cxd4 Bd6 9. Qa4 O-O 10. Be2 a6
11. Nc3 Ne4 12. Bc1 Qe7 13. O-O b5 14. Qd1 Rac8 15. Nh4 Bh3 16. Re1 f5 17. f3 Nxg3 18. Ng2 Qg5 19. f4 Qg6 20. b3 Nxe2+
21. Rxe2 Bg4 22. Nh4 Qh5 23. Qe1 Bxe2 24. Nxe2 Be7 25. Ng2 Bf6 26. Qc3 Qxe2 27. Bd2 Nxd4 28. Qa5 Nf3+ 29. Kh1 Bxa1 30. Bc3 Qf1#
0-1

[Event "Get your moneys worth. Subscription due?"]
[Site "SchemingMind.com"]
[Date "2023.09.04"]
[Round "-"]
[White "cnile"]
[Black "agoodhobby"]
[Result "1-0"]
[WhiteCountry "SCO"]
[BlackCountry "USA"]
[WhiteElo "1396"]
[WhiteRD "65"]
[BlackElo "1427"]
[BlackRD "70"]
[GameID "736929"]

1. d4 d5 2. c4 e6 3. Nc3 Nf6 4. Bg5 Be7 5. Bxf6 Bxf6 6. cxd5 exd5 7. e3 O-O 8. Bd3 c5 9. dxc5 Bxc3+ 10. bxc3 Qa5
11. Ne2 Qxc5 12. Qc2 g6 13. Nd4 Nc6 14. O-O a6 15. Rab1 Nxd4 16. cxd4 Qxc2 17. Bxc2 b5 18. Bb3 Be6 19. Rfc1 a5 20. h3 a4
21. Bd1 Bd7 22. Bf3 Ra7 23. Bxd5 Kg7 24. g4 f5 25. gxf5 Rxf5 26. e4 Rh5 27. Rc3 Bxh3 28. Rxb5 Rg5+ 29. Rg3
1-0

[Event "Get your moneys worth. Subscription due?"]
[Site "SchemingMind.com"]
[Date "2023.09.04"]
[Round "-"]
[White "agoodhobby"]
[Black "cnile"]
[Result "0-1"]
[WhiteCountry "USA"]
[BlackCountry "SCO"]
[WhiteElo "1445"]
[WhiteRD "74"]
[BlackElo "1422"]
[BlackRD "64"]
[GameID "736930"]

1. e4 c5 2. Nf3 Nc6 3. d4 cxd4 4. Nxd4 e6 5. Nc3 Bb4 6. Bb5 Nf6 7. Bg5 Bxc3+ 8. bxc3 Qa5 9. Nxc6 Qxc3+ 10. Ke2 dxc6
11. Bd3 O-O 12. Re1 h6 13. Bxf6 Qxf6 14. Kf1 b5 15. a4 a6 16. axb5 cxb5 17. c4 bxc4 18. Bxc4 e5 19. Qd5 Be6 20. Qd3 Bxc4
21. Qxc4 a5 22. Ra3 Qa6 23. Qxa6 Rxa6 24. Rd1 a4 25. Rd5 f6 26. g3 Rb8 27. Kg2 Rb3 28. Rd3 Rxd3 29. Rxd3 a3 30. Rd1 a2
31. Ra1 Kf7 32. Kf3 h5 33. Ke3 g5 34. Kd3 Ra4 35. Kc2 Rxe4 36. Rxa2 Re2+ 37. Kb3 Rxa2 38. Kxa2 Ke6
0-1

[Event "Get your moneys worth. Subscription due?"]
[Site "SchemingMind.com"]
[Date "2023.09.01"]
[Round "-"]
[White "agoodhobby"]
[Black "Chessibelle"]
[Result "1-0"]
[WhiteCountry "USA"]
[BlackCountry "ENG"]
[WhiteElo "1427"]
[WhiteRD "70"]
[BlackElo "1130"]
[BlackRD "54"]
[GameID "736931"]

1. e4 e5 2. Nf3 d6 3. d4 Bd7 4. dxe5 Be6 5. Bd3 Ne7 6. O-O g6 7. Bg5 Nbc6 8. exd6 Qxd6 9. Nc3 b6 10. Nb5 Qd7
11. Bf4 Rc8 12. Nc3 Bg7 13. Nb5 O-O 14. Re1 Bxb2 15. Qb1 Bf6 16. e5 Bg7 17. a4 Bd5 18. a5 Qg4 19. Bg3 Rcd8 20. axb6 cxb6
21. Nxa7 Qd7 22. Nxc6 Qxc6 23. Be2 Bh6 24. Ra7 Rfe8 25. Bb5 Qe6 26. Bxe8 Rxe8 27. Nd4 Qg4 28. Qxb6 Qg5 29. Qd6 Qd2 30. f3 Be3+
31. Kf1 Bc4+ 32. Ne2 Nd5 33. Bf2 Bg5 34. h4 Be7 35. Qd7 Kf8 36. Rc7 Kg7 37. Qxe8 Qb4 38. e6 Nxc7 39. exf7 Bxf7 40. Qc6 Ne6
41. g4 Qa3 42. Bg3 Nd8 43. Qe4 Qa2 44. Qxe7 Ne6 45. Be5+ Kh6 46. Qxf7 Qd5 47. Nf4 Qb5+ 48. Kg2 Qc4 49. Nxe6 Qxc2+ 50. Kg3 Qd2
51. Qg7#
1-0

[Event "Get your moneys worth. Subscription due?"]
[Site "SchemingMind.com"]
[Date "2023.09.02"]
[Round "-"]
[White "Chessibelle"]
[Black "agoodhobby"]
[Result "0-1"]
[WhiteCountry "ENG"]
[BlackCountry "USA"]
[WhiteElo "1126"]
[WhiteRD "58"]
[BlackElo "1478"]
[BlackRD "69"]
[GameID "736932"]

1. Nf3 b6 2. d3 Nc6 3. a3 Bb7 4. g3 d5 5. e3 e5 6. Bd2 Nf6 7. Bg2 Bd6 8. O-O O-O 9. b4 Re8 10. c4 dxc4
11. dxc4 Ne4 12. Bc1 f5 13. h3 g5 14. Bb2 h5 15. Qd5+ Kg7 16. Nc3 g4 17. Nh2 gxh3 18. Bf3 f4 19. Qxe4 fxg3 20. fxg3 Qg5
21. Kf2 Nd8 22. Nd5 Bxd5 23. Qxd5 Nf7 24. Rg1 Qf6 25. Qe4 Ng5 26. Qd5 Kh6 27. c5 Nxf3 28. Nxf3 Qf8 29. e4 bxc5 30. Qd2+ Kg6
31. Qg5+ Kf7 32. Qxh5+ Ke7 33. Ke2 cxb4 34. a4 Kd8 35. Qxh3 a5 36. Rad1 Rb8 37. Bc1 b3 38. Bb2 Rb4 39. Nd2 Rxa4 40. Nxb3 Rxe4+
41. Kd2 Qf2+ 42. Kc1 Rc4+ 43. Kb1 Qc2+ 44. Ka2 Ra4#
0-1

[Event "Get your moneys worth. Subscription due?"]
[Site "SchemingMind.com"]
[Date "2023.09.04"]
[Round "-"]
[White "Mitch The Man"]
[Black "cnile"]
[Result "0-1"]
[WhiteCountry "USA"]
[BlackCountry "SCO"]
[WhiteElo "1243"]
[WhiteRD "65"]
[BlackElo "1380"]
[BlackRD "60"]
[GameID "737007"]

1. d4 d5 2. e3 Nf6 3. Be2 e6 4. Bf3 c5 5. Ne2 Nc6 6. O-O Qc7 7. c3 b6 8. Ng3 Bd6 9. Na3 Ba6 10. Re1 cxd4
11. exd4 Rc8 12. Qa4 O-O 13. Nb5 Bxb5 14. Qxb5 h6 15. Qd3 Rfe8 16. b4 Ne7 17. Bd1 Qxc3 18. Qxc3 Rxc3 19. Ne2 Bxb4 20. Rb1 Rxc1
21. Nxc1 Bxe1 22. Nd3 Bc3 23. Bf3 Bxd4 24. Nb4 Rc8 25. Bd1 Ne4 26. Kf1 Nxf2 27. Be2 Ne4 28. Rd1 e5 29. Ba6 Rc5
0-1

[Event "Get your moneys worth. Subscription due?"]
[Site "SchemingMind.com"]
[Date "2023.09.04"]
[Round "-"]
[White "Mitch The Man"]
[Black "agoodhobby"]
[Result "0-1"]
[WhiteCountry "USA"]
[BlackCountry "USA"]
[WhiteElo "1243"]
[WhiteRD "65"]
[BlackElo "1478"]
[BlackRD "69"]
[GameID "737009"]

1. d4 d5 2. e3 Nf6 3. Be2 e6 4. Bf3 c5 5. Ne2 Nc6 6. O-O Bd6 7. c3 O-O 8. b3 cxd4 9. exd4 Qc7 10. Ng3 Bxg3
11. fxg3 a5 12. a4 e5 13. Bg5 e4 14. Bf4 Qe7 15. Be2 h6 16. Be3 b6 17. h3 Ba6 18. Bxa6 Rxa6 19. Qe2 Raa8 20. g4 Rac8
21. h4 Nd8 22. Qa6 Rc6 23. Qb5 Nxg4 24. Bd2 f5 25. Qxd5+ Re6 26. Qb5 Qxh4
0-1

[Event "Get your moneys worth. Subscription due?"]
[Site "SchemingMind.com"]
[Date "2023.09.04"]
[Round "-"]
[White "agoodhobby"]
[Black "Mitch The Man"]
[Result "0-1"]
[WhiteCountry "USA"]
[BlackCountry "USA"]
[WhiteElo "1427"]
[WhiteRD "70"]
[BlackElo "1315"]
[BlackRD "68"]
[GameID "737010"]

1. d4 d5 2. c4 Be6 3. Nc3 Nf6 4. Nf3 Bf5 5. Bg5 dxc4 6. e3 Be6 7. Qa4+ Nc6 8. Bxc4 Bxc4 9. Qxc4 e6 10. O-O Be7
11. Rfd1 O-O 12. Ne5 Qe8 13. Nxc6 bxc6 14. Rdc1 Nd5 15. Bxe7 Nxe7 16. Ne4 Nd5 17. Qxc6 Qxc6 18. Rxc6 h6 19. Rcc1 Rab8 20. b3 a5
21. Nc5 Rfd8 22. Na6 Rb7 23. Rc5 Rd7 24. Rac1 g5 25. e4 Nf4 26. R1c2 Nd3 27. Rxc7 Rbxc7 28. Rxc7 Rxd4 29. f3 Kg7 30. Kf1 Nf4
31. Nc5 Rd1+ 32. Kf2 Rd2+ 33. Ke3 Re2+ 34. Kd4 Rxg2 35. Ke5 Kg6 36. Rc8 Kg7 37. Nd7 Nd3+ 38. Kd6 Rd2 39. Ke7 Nf4 40. Nf6 Ng6+
0-1

[Event "Get your moneys worth. Subscription due?"]
[Site "SchemingMind.com"]
[Date "2023.09.04"]
[Round "-"]
[White "Mitch The Man"]
[Black "Chessibelle"]
[Result "0-1"]
[WhiteCountry "USA"]
[BlackCountry "ENG"]
[WhiteElo "1243"]
[WhiteRD "65"]
[BlackElo "1126"]
[BlackRD "58"]
[GameID "737011"]

1. d4 d5 2. e3 Nd7 3. Be2 g6 4. Bf3 Ngf6 5. Ne2 b6 6. O-O e6 7. Bd2 Be7 8. a3 O-O 9. Bc3 c6 10. Nd2 c5
11. Nb3 Bd6 12. dxc5 bxc5 13. Ba5 Nb6 14. Bxb6 Qxb6 15. Nec1 Bc7 16. Ra2 Qd6 17. g3 Bb7 18. Qd2 h5 19. Na5 Ba6 20. Re1 Rab8
21. Nab3 Bb7 22. Kg2 e5 23. e4 Qc6 24. exd5 Qd6 25. c4 Rfe8 26. Be4 Ba6 27. h3 Bc8 28. Qd3 Qd7 29. Kf1 Qxh3+ 30. Ke2 Qd7
31. Kd1 Bd6 32. Kc2 Qh3 33. Rh1 Qg4 34. Rh4 Qd7 35. Bxg6 Kf8 36. Bxh5 e4 37. Qe3 Ba6 38. Qh6+ Ke7 39. a4 Bxc4 40. Qe3 Nxd5
41. Qxe4+ Kf8 42. Qxc4 Qf5+ 43. Nd3 Ne3+
0-1

[Event "Get your moneys worth. Subscription due?"]
[Site "SchemingMind.com"]
[Date "2023.09.04"]
[Round "-"]
[White "Chessibelle"]
[Black "Mitch The Man"]
[Result "1-0"]
[WhiteCountry "ENG"]
[BlackCountry "USA"]
[WhiteElo "1126"]
[WhiteRD "58"]
[BlackElo "1243"]
[BlackRD "65"]
[GameID "737012"]

1. Nf3 d6 2. b3 e6 3. e3 Be7 4. g3 Bf6 5. c3 Ne7 6. d4 O-O 7. Be2 Nd5 8. O-O Nb6 9. Qd3 Bd7 10. Nbd2 c6
11. Ne4 Be7 12. a3 d5 13. b4 Nc4 14. Bd1 dxe4 15. Qxe4 Nd6 16. Qd3 b5 17. Bc2 g6 18. Bb2 Bf6 19. a4 Nc4 20. Bc1 Kg7
21. Nh4 Bxh4 22. f4 Be7 23. h3 Nd6 24. Bb2 Nf5 25. Rf3 a6 26. Rff1 h5 27. c4 Bxb4 28. Qe2 Nxg3 29. Qd3 Nxf1 30. Rxf1 Qh4
31. Kh2 Be1 32. Rg1 f5 33. d5+ Kh6 34. Qd4 Rf7 35. Qh8+
1-0

[Event "Get your moneys worth. Subscription due?"]
[Site "SchemingMind.com"]
[Date "2023.09.06"]
[Round "-"]
[White "Mitch The Man"]
[Black "maro"]
[Result "0-1"]
[WhiteCountry "USA"]
[BlackCountry "MEX"]
[WhiteElo "1243"]
[WhiteRD "65"]
[BlackElo "1521"]
[BlackRD "61"]
[GameID "737022"]

1. d4 d5 2. e3 e5 3. Be2 e4 4. Bb5+ c6 5. Ba4 b5 6. Bb3 Nf6 7. a3 Bg4 8. Ne2 b4 9. O-O bxa3 10. bxa3 Bd6
11. Qd2 Qc7 12. Ng3 Nh5 13. Qe1 Nd7 14. Bb2 Ndf6 15. Bc1 Nxg3 16. fxg3 h5 17. c3 h4 18. Rf4 Bxf4 19. gxf4 h3 20. g3 Rb8
21. Bd1 Bf3 22. Bxf3 exf3 23. Qf2 Qd7 24. Nd2 Ne4 25. Nxe4 dxe4 26. Kf1 O-O 27. c4 c5 28. d5 Qa4 29. Qc2 Qxc2
0-1

[Event "Get your moneys worth. Subscription due?"]
[Site "SchemingMind.com"]
[Date "2023.09.06"]
[Round "-"]
[White "maro"]
[Black "Mitch The Man"]
[Result "1-0"]
[WhiteCountry "MEX"]
[BlackCountry "USA"]
[WhiteElo "1521"]
[WhiteRD "61"]
[BlackElo "1243"]
[BlackRD "65"]
[GameID "737023"]

1. d4 e6 2. e4 Be7 3. e5 Bg5 4. Nf3 Bxc1 5. Qxc1 Ne7 6. Bd3 O-O 7. Nc3 c6 8. Ng5 Nf5 9. Qf4 g6 10. Bxf5 exf5
11. d5 Kg7 12. e6 fxe6 13. dxe6 dxe6 14. Rd1 Qf6 15. Rd6 Re8 16. O-O Bd7 17. Qh4 h5 18. Na4 b6 19. f4 Qe7 20. Rfd1 Bc8
21. c4 Qf6 22. h3 c5 23. Nc3 Ba6 24. Nd5 exd5 25. Rxf6 Kxf6 26. Ne4+ Kg7 27. Qf6+ Kh6 28. Nd6
1-0

[Event "Get your moneys worth. Subscription due?"]
[Site "SchemingMind.com"]
[Date "2023.09.06"]
[Round "-"]
[White "cnile"]
[Black "maro"]
[Result "0-1"]
[WhiteCountry "SCO"]
[BlackCountry "MEX"]
[WhiteElo "1380"]
[WhiteRD "60"]
[BlackElo "1521"]
[BlackRD "61"]
[GameID "737024"]

1. d4 d5 2. c4 dxc4 3. Nf3 Nf6 4. Nc3 Bf5 5. e3 e6 6. Bxc4 Bb4 7. Qa4+ Nc6 8. O-O a6 9. Ne5 b5 10. Qd1 Nxe5
11. Be2 Neg4 12. Bd2 Bd6 13. a3 Bxh2+ 14. Kh1 h5 15. Bf3 Nd5 16. Ne2 Qh4 17. Ng1 Bxg1+ 18. Kxg1 Qh2#
0-1

[Event "Get your moneys worth. Subscription due?"]
[Site "SchemingMind.com"]
[Date "2023.09.06"]
[Round "-"]
[White "agoodhobby"]
[Black "maro"]
[Result "0-1"]
[WhiteCountry "USA"]
[BlackCountry "MEX"]
[WhiteElo "1478"]
[WhiteRD "69"]
[BlackElo "1521"]
[BlackRD "61"]
[GameID "737026"]

1. d4 d5 2. c4 dxc4 3. Nf3 Bf5 4. Nc3 Nf6 5. e3 e6 6. Bxc4 Bb4 7. O-O Nc6 8. a3 Ba5 9. b4 Bb6 10. Na4 Nd5
11. Bxd5 Qxd5 12. Nxb6 axb6 13. Bb2 Bg4 14. h3 Bh5 15. g4 Bg6 16. Ne1 f6 17. f3 f5 18. Ng2 fxg4 19. hxg4 O-O-O 20. Nf4 Qd6
21. Rf2 h5 22. d5 exd5 23. Bxg7 Rh7 24. Bc3 hxg4 25. fxg4 Be4 26. b5 Rh1#
0-1

[Event "Get your moneys worth. Subscription due?"]
[Site "SchemingMind.com"]
[Date "2023.09.06"]
[Round "-"]
[White "maro"]
[Black "agoodhobby"]
[Result "1-0"]
[WhiteCountry "MEX"]
[BlackCountry "USA"]
[WhiteElo "1521"]
[WhiteRD "61"]
[BlackElo "1478"]
[BlackRD "69"]
[GameID "737027"]

1. d4 d5 2. c4 e6 3. c5 Nc6 4. Nf3 Nf6 5. Nc3 Be7 6. Bf4 O-O 7. Qc2 b6 8. e3 bxc5 9. dxc5 Bxc5 10. Nb5 Bb6
11. Qxc6 Bd7 12. Qc2 a6 13. Nbd4 c5 14. Nb3 Bb5 15. Bxb5 axb5 16. Nxc5 Rc8 17. b4 Nd7 18. Ng5 g6 19. Bd6 Bxc5 20. Bxc5 Nxc5
21. bxc5 Qxg5 22. c6 Qxg2 23. O-O-O Qxf2 24. Qxf2 Rxc6+ 25. Kb1 Rfc8 26. Rc1 Rxc1+ 27. Rxc1 Rxc1+ 28. Kxc1 Kg7 29. Qb2+
1-0

[Event "Get your moneys worth. Subscription due?"]
[Site "SchemingMind.com"]
[Date "2023.09.06"]
[Round "-"]
[White "maro"]
[Black "Chessibelle"]
[Result "1-0"]
[WhiteCountry "MEX"]
[BlackCountry "ENG"]
[WhiteElo "1521"]
[WhiteRD "61"]
[BlackElo "1126"]
[BlackRD "58"]
[GameID "737028"]

1. e4 e5 2. d4 Bd6 3. dxe5 Bxe5 4. Nf3 Bf6 5. Bc4 h6 6. Nc3 c6 7. e5 Be7 8. e6 f6 9. exd7+ Nxd7 10. Qd3 Qc7
11. Qg6+ Kd8 12. Qxg7 Qd6 13. Qxh8 Nf8 14. Qxg8 Kc7 15. Ne2 Bf5 16. Bf4 Qxf4 17. Nxf4
1-0

[Event "Get your moneys worth. Subscription due?"]
[Site "SchemingMind.com"]
[Date "2023.09.06"]
[Round "-"]
[White "Chessibelle"]
[Black "maro"]
[Result "0-1"]
[WhiteCountry "ENG"]
[BlackCountry "MEX"]
[WhiteElo "1126"]
[WhiteRD "58"]
[BlackElo "1521"]
[BlackRD "61"]
[GameID "737029"]

1. Nf3 Nc6 2. d4 d5 3. e3 Bg4 4. Be2 Nf6 5. h3 Bh5 6. O-O Qd6 7. g3 Ne4 8. b3 Qd7 9. Qd3 Qxh3 10. Nh2 Bg6
11. Bg4 Qh6 12. Qb5 e6 13. Qxb7 Rb8 14. Qxc6+ Kd8 15. Na3 Bd6 16. Qa6 Nc3 17. Re1 Bb4 18. Qxa7 Kd7 19. Qa6 Ra8 20. Qf1 Bxa3
21. Bd2 Ne4 22. Qb5+ Ke7 23. f3 Nxd2 24. f4 Be4 25. Qb7 Kf6 26. Qxc7 Rhc8 27. Qe5+ Ke7 28. Kf2 Qxh2#
0-1

[Event "Get your moneys worth. Subscription due?"]
[Site "SchemingMind.com"]
[Date "2023.09.09"]
[Round "-"]
[White "Mitch The Man"]
[Black "Phillip Beckett"]
[Result "1-0"]
[WhiteCountry "USA"]
[BlackCountry "ENG"]
[WhiteElo "1243"]
[WhiteRD "65"]
[BlackElo "1499"]
[BlackRD "51"]
[GameID "737249"]

1. d4 e5 2. dxe5 Nc6 3. Nf3 Qe7 4. e3 Qb4+ 5. c3 Qa5 6. Be2 Nxe5 7. O-O Nxf3+ 8. Bxf3 Nf6 9. Bd2 c6 10. Qc2 d5
11. c4 dxc4 12. Bxa5
1-0

[Event "Get your moneys worth. Subscription due?"]
[Site "SchemingMind.com"]
[Date "2023.09.09"]
[Round "-"]
[White "Phillip Beckett"]
[Black "Mitch The Man"]
[Result "1-0"]
[WhiteCountry "ENG"]
[BlackCountry "USA"]
[WhiteElo "1499"]
[WhiteRD "51"]
[BlackElo "1243"]
[BlackRD "65"]
[GameID "737250"]

1. e4 d5 2. exd5 Qxd5 3. Nc3 Qe5+ 4. Qe2 Qxe2+ 5. Bxe2 e6 6. Nf3 Bd7 7. d4 Be7 8. Be3 Bf6 9. O-O-O Ne7 10. Rhe1 O-O
11. Ne5 Bxe5 12. dxe5 Nf5 13. Bc5 Re8 14. g3 b6 15. Ba3 Bc6 16. f4 Ne3 17. Rd2 Nf5 18. Red1 Nd7 19. Rxd7 Bxd7 20. Rxd7 c5
21. Nb5
1-0

[Event "Get your moneys worth. Subscription due?"]
[Site "SchemingMind.com"]
[Date "2023.09.09"]
[Round "-"]
[White "cnile"]
[Black "Phillip Beckett"]
[Result "1-0"]
[WhiteCountry "SCO"]
[BlackCountry "ENG"]
[WhiteElo "1422"]
[WhiteRD "64"]
[BlackElo "1545"]
[BlackRD "53"]
[GameID "737251"]

1. e4 e5 2. Nc3 Nf6 3. f4 d5 4. fxe5 Nxe4 5. Nf3 Nxc3 6. bxc3 Be7 7. d4 O-O 8. Bd3 f6 9. O-O fxe5 10. Nxe5 Bd6
11. Qh5 Rxf1+ 12. Bxf1 g6 13. Qf3 Nc6 14. Qf7+ Kh8 15. Bh6 Bxe5 16. dxe5 Qe7 17. Qxd5 Be6 18. Qe4 Qc5+ 19. Kh1 Qxe5 20. Qxe5+ Nxe5
21. Re1 Ng4 22. Rxe6 Nxh6 23. Be2 Rd8 24. Bf3 c6 25. h3 Rd7 26. g4 Nf7 27. h4 Nd8 28. Re2 Rd1+ 29. Kg2 Nf7 30. Re7 Rd2+
31. Re2 Rxe2+ 32. Bxe2 Ne5 33. Kf2 Kg7 34. Kg3 Kf6 35. a4 c5 36. Kf4 b6 37. g5+ Ke6 38. Ke4 Nc6 39. Bc4+ Kd6 40. Bg8 Ne7
41. Bxh7 Ke6 42. Bxg6 Nxg6 43. h5 Nf8 44. h6 Kf7 45. Kf5 a6 46. h7 Ng6 47. c4 Kg7 48. Ke4 Kxh7 49. Kd5 Nf4+ 50. Kc6 Ne6
51. Kxb6 Kg6 52. Kxa6 Kxg5 53. Kb6 Nd4 54. Kxc5 Nxc2 55. a5 Na3 56. a6
1-0

[Event "Get your moneys worth. Subscription due?"]
[Site "SchemingMind.com"]
[Date "2023.09.09"]
[Round "-"]
[White "Phillip Beckett"]
[Black "cnile"]
[Result "1/2-1/2"]
[WhiteCountry "ENG"]
[BlackCountry "SCO"]
[WhiteElo "1499"]
[WhiteRD "51"]
[BlackElo "1380"]
[BlackRD "60"]
[GameID "737252"]

1. e4 e6 2. d4 d5 3. Nd2 Nf6 4. e5 Nfd7 5. Bd3 c5 6. c3 Nc6 7. Ne2 Qg5 8. g3 Qd8 9. O-O f6 10. exf6 gxf6
11. dxc5 Bxc5 12. Nb3 e5 13. Nxc5 Nxc5 14. Bc2 Be6 15. f4 Qb6 16. fxe5 Nb3+ 17. Kh1 Nxa1 18. Nd4 Nxd4 19. cxd4 O-O-O 20. Rxf6 Nxc2
21. Qxc2+ Kb8 22. Bg5 Rc8 23. Qf2 Bh3 24. Rxb6 axb6 25. Bf4 Ka7 26. Qe3 Rhf8 27. Qa3+ Kb8 28. e6+ Rxf4 29. Qd6+ Ka7 30. Qa3+ Kb8
31. Qd6+ Ka8 32. Qa3+ Kb8 33. Qd6+ Ka8 34. Qa3+=
1/2-1/2

[Event "Get your moneys worth. Subscription due?"]
[Site "SchemingMind.com"]
[Date "2023.09.11"]
[Round "-"]
[White "agoodhobby"]
[Black "Phillip Beckett"]
[Result "0-1"]
[WhiteCountry "USA"]
[BlackCountry "ENG"]
[WhiteElo "1427"]
[WhiteRD "70"]
[BlackElo "1575"]
[BlackRD "52"]
[GameID "737253"]

1. d4 d5 2. c4 e6 3. Nc3 Nf6 4. Nf3 Be7 5. Bg5 h6 6. Bh4 O-O 7. e3 Ne4 8. Bxe7 Qxe7 9. Rc1 Nxc3 10. Rxc3 c6
11. Bd3 dxc4 12. Bxc4 Nd7 13. O-O e5 14. Bb3 exd4 15. exd4 Nf6 16. Re1 Qd6 17. Ne5 Bf5 18. Nxf7 Rxf7
0-1

[Event "Get your moneys worth. Subscription due?"]
[Site "SchemingMind.com"]
[Date "2023.09.11"]
[Round "-"]
[White "Phillip Beckett"]
[Black "agoodhobby"]
[Result "1-0"]
[WhiteCountry "ENG"]
[BlackCountry "USA"]
[WhiteElo "1575"]
[WhiteRD "52"]
[BlackElo "1427"]
[BlackRD "70"]
[GameID "737254"]

1. e4 e5 2. Nf3 Nc6 3. d4 exd4 4. Nxd4 Bc5 5. Nb3 Bb6 6. Nc3 Nf6 7. Bg5 h6 8. Bh4 g5 9. Bg3 d6 10. f3 Be6
11. Qd2 Qe7 12. O-O-O O-O-O 13. Kb1 Rhg8 14. Bb5 Ne5 15. Qe2 h5 16. Bxe5 dxe5 17. Rxd8+ Rxd8 18. Rd1 a6 19. Rxd8+
1-0

[Event "Get your moneys worth. Subscription due?"]
[Site "SchemingMind.com"]
[Date "2023.09.09"]
[Round "-"]
[White "maro"]
[Black "Phillip Beckett"]
[Result "0-1"]
[WhiteCountry "MEX"]
[BlackCountry "ENG"]
[WhiteElo "1521"]
[WhiteRD "61"]
[BlackElo "1499"]
[BlackRD "51"]
[GameID "737255"]

1. d4 e5 2. dxe5 Nc6 3. Nf3 Qe7 4. Bf4 Qb4+ 5. Nc3 Qxf4 6. Nd5 Qe4 7. Nxc7+ Kd8 8. Nxa8 Nb4 9. Nd4 Bc5 10. c3 Bxd4
11. cxb4 Bxb2 12. Rb1 Bc3+ 13. Qd2 Qxb1#
0-1

[Event "Get your moneys worth. Subscription due?"]
[Site "SchemingMind.com"]
[Date "2023.09.09"]
[Round "-"]
[White "Phillip Beckett"]
[Black "maro"]
[Result "1-0"]
[WhiteCountry "ENG"]
[BlackCountry "MEX"]
[WhiteElo "1499"]
[WhiteRD "51"]
[BlackElo "1521"]
[BlackRD "61"]
[GameID "737256"]

1. e4 e5 2. Nf3 Nc6 3. Bb5 Qf6 4. Nc3 Bc5 5. Nd5 Qd6 6. O-O Nd4 7. Nxd4 Bxd4 8. c3 Bb6 9. Nxb6 Qxb6 10. Ba4 Nf6
11. Bc2 d5 12. exd5 Bg4 13. Qe1 O-O-O 14. h3 Bh5 15. Bf5+ Kb8 16. d4 exd4 17. c4 Rhe8 18. Qd2 g6 19. Bd3 Ne4 20. Bxe4 Rxe4
21. Qg5 Rde8 22. g4 f6 23. Qd2 Re2 24. Qd1 d3 25. gxh5 gxh5 26. Qxd3 Rg8+ 27. Kh1 Re5 28. f4 Re7 29. b4 Reg7 30. c5 Qxb4
31. c6 h4 32. Ba3 Qb6 33. Rab1
1-0

[Event "Get your moneys worth. Subscription due?"]
[Site "SchemingMind.com"]
[Date "2023.09.09"]
[Round "-"]
[White "Phillip Beckett"]
[Black "Chessibelle"]
[Result "1-0"]
[WhiteCountry "ENG"]
[BlackCountry "ENG"]
[WhiteElo "1499"]
[WhiteRD "51"]
[BlackElo "1126"]
[BlackRD "58"]
[GameID "737257"]

1. e4 e5 2. Nf3 Nc6 3. Bb5 Nge7 4. d3 d6 5. O-O Bd7 6. h3 g6 7. c3 a6 8. Ba4 b5 9. Bc2 d5 10. exd5 Nxd5
11. Nbd2 f5 12. Re1 Bd6 13. Nf1 Qf6 14. Ng3 O-O-O 15. Bg5 Qf8 16. Bxd8 Nxd8 17. Ng5 Qe8 18. d4 Qe7 19. dxe5 Bc5 20. Nf3 Qe6
21. Nd4 Qe7 22. e6 Nxe6 23. Nxe6 Bc6 24. Nxc5 Qxc5 25. Bb3 Kb7 26. Bxd5 Bxd5 27. b4 Qb6 28. Qxd5+ Kb8 29. Re6 Qa7 30. Rae1 Rf8
31. Re8+
1-0

[Event "Get your moneys worth. Subscription due?"]
[Site "SchemingMind.com"]
[Date "2023.09.09"]
[Round "-"]
[White "Chessibelle"]
[Black "Phillip Beckett"]
[Result "0-1"]
[WhiteCountry "ENG"]
[BlackCountry "ENG"]
[WhiteElo "1126"]
[WhiteRD "58"]
[BlackElo "1499"]
[BlackRD "51"]
[GameID "737258"]

1. Nf3 Nf6 2. d4 d5 3. e3 e6 4. Bd2 c5 5. Bb5+ Bd7 6. Bd3 Nc6 7. O-O Bd6 8. g3 cxd4 9. exd4 Rc8 10. b3 O-O
11. Be3 Nb4 12. Be2 Nxc2 13. Nbd2 Nxa1 14. Qxa1 Qb6 15. Qb1 Bb5 16. Re1 Bxe2 17. Rxe2 Rc3 18. Ng5 h6 19. Nh3 Rfc8 20. Kg2 Ba3
21. Re1 Rc1 22. Qd3 Rxe1 23. Nf3 Ra1 24. Nd2 Qc6 25. Kf3 Ne4 26. Kg4 Nxd2 27. Bxd2 f5+ 28. Kf3 Qc2 29. Qe3 Qe4+ 30. Ke2 Qxe3+
31. Bxe3 Bc1 32. Nf4 Bxe3 33. Nxe6 Bg5 34. h4 Bf6 35. Nf4 Rxa2+ 36. Kf1 Bxd4 37. Nd3 Rcc2 38. Kg2 Bxf2 39. Kh3 Bb6 40. Ne5 Rh2#
0-1